Language Quiz

Random Language Quiz

Conjugate voco in the perfect passive (feminine) Quiz Stats

 Plays Quiz not verified by Sporcle

Score 0/6 Timer 10:00
0 Plays Today
Hint Answer % Correct
I was calledvocata sum
100%
You (s) were calledvocata es
92.9%
She was calledvocata est
89.3%
We were calledvocatae sumus
75%
You (pl) were calledvocatae estis
75%
They were calledvocatae sunt
75%

You're not logged in!

Compare scores with friends on all Sporcle quizzes.
OR
Log In

Sporcle TV

Today on Sporcle TV


Watch our educational content, quiz creation guides, and fun videos on Sporcle TV.

Show Comments

Extras

Created Sep 26, 2019ReportNominate
Tags:conjugate, feminine, perfect

Top Quizzes Today


Score Distribution

Your Account Isn't Verified!

In order to create a playlist on Sporcle, you need to verify the email address you used during registration. Go to your Sporcle Settings to finish the process.

Report this User

Report this user for behavior that violates our Community Guidelines.

Details: